000 00473nam a22001697a 4500
003 SISC
005 20160317130327.0
008 130831t xxu||||| |||| 00| 0 eng d
020 _a9710811649
050 _aPE 1115
_b.C455 1963
082 _aHS 651.7
_bP229 1965
245 _aEnglish for Business
_c Charles Chandler
260 _aEnglewood Cliffs, New Jersey :
_bPrentice-Hall,
_cc1965.
300 _a423 p. :
_bill ;
_c21 cm.
942 _2lcc
_cBK
999 _c10109
_d10109